| 000 -LEADER |
| fixed length control field |
02272nam a2200229 a 4500 |
| 001 - CONTROL NUMBER |
| control field |
ASIN1840136960 |
| 005 - DATE AND TIME OF LATEST TRANSACTION |
| control field |
20170105102925.0 |
| 008 - FIXED-LENGTH DATA ELEMENTS--GENERAL INFORMATION |
| fixed length control field |
131211s2004 xxu eng d |
| 020 ## - INTERNATIONAL STANDARD BOOK NUMBER |
| International Standard Book Number |
1840136960 (hardcover) |
| 020 ## - INTERNATIONAL STANDARD BOOK NUMBER |
| International Standard Book Number |
9781840136968 (hardcover) |
| 040 ## - CATALOGING SOURCE |
| Original cataloging agency |
0 |
| 050 04 - LIBRARY OF CONGRESS CALL NUMBER |
| Classification number |
D522.5 |
| 082 04 - DEWEY DECIMAL CLASSIFICATION NUMBER |
| Classification number |
940.30202 |
| Author Mark |
HOO 2004 |
| 100 1# - MAIN ENTRY--PERSONAL NAME |
| Personal name |
Hook, A. |
| 245 10 - TITLE STATEMENT |
| Title |
World war I day by day / |
| Statement of responsibility, etc. |
A. Hook. |
| 260 ## - PUBLICATION, DISTRIBUTION, ETC. |
| Place of publication, distribution, etc. |
[S.l.] : |
| Name of publisher, distributor, etc. |
Imprint unknown, |
| Date of publication, distribution, etc. |
2004. |
| 300 ## - PHYSICAL DESCRIPTION |
| Extent |
192 p. ; |
| Dimensions |
25 cm. |
| 520 ## - SUMMARY, ETC. |
| Summary, etc. |
The causes of the “war to end all wars” have been debated exhaustively over the years since Archduke Franz Ferdinand and his wife were assassinated on June 28, 1914. Whatever the precise reasons for the rush to war caused by this act of terrorism, the conflict itself sounded the death knell of the great powers that fought it. Caused by the expansionist policies of the Old World empires, World War I ended in 1918 only after the Central Powers had been crushed following the entry of United States troops onto the battlefield. The war itself was characterised by long periods of attrition. After the initial assaults, each of the fronts settled into a bloodbath of butchery that gave staggering casualty levels. Estimates suggest that nearly ten million soldiers were killed and at least twenty million wounded. Civilians, too, suffered to an unparalleled extent-- around two million Russians died, along with 500,000 Germans, and 600,000 Armenians. A truly global conflict-- it was fought in Europe on Balkan, Eastern, Italian and Western fronts, in Africa and the Middle East, in Turkey and Mesopotamia; on land, at sea, and in the air. It was also a war that saw many military innovations including the major use of gas, the first intensive aerial bombing attacks, the advent of tanks onto the battlefield, and protracted submarine warfare. With over 350 illustrations, World War I Day by Day provides a substantial reference to the day-by-day conduct of all facets of the war-- including politics, the battles and campaigns in every theatre, innovations in land, sea and aerial warfare, and other major events. |
| 650 #0 - SUBJECT ADDED ENTRY--TOPICAL TERM |
| Topical term or geographic name entry element |
World War (1914-1918) |
| 856 40 - ELECTRONIC LOCATION AND ACCESS |
| Materials specified |
Amazon.com |
| Uniform Resource Identifier |
<a href="http://www.amazon.com/exec/obidos/ASIN/1840136960/chopaconline-20">http://www.amazon.com/exec/obidos/ASIN/1840136960/chopaconline-20</a> |
| 942 ## - ADDED ENTRY ELEMENTS (KOHA) |
| Source of classification or shelving scheme |
|
| Koha item type |
Book |